00000000cas 2200000zi 4500
0019.918743
003CaOODSP
00520251212142301
006m     o  d f      
007cr cn ||||||||
008221229c20259999onchr p o    f0   a0eng|d
022 |a2817-1314
040 |aCaOODSP|beng|erda|cCaOODSP
043 |an-cn---
0861 |aCE32-1E-PDF
1102 |aCanadian Intergovernmental Conference Secretariat.|eauthor, |eissuing body.
222 0|aAccessibility plan |b(Canadian Intergovernmental Conference Secretariat)
24510|aAccessibility plan / |cCanadian Intergovernmental Conference Secretariat.
264 1|aOttawa, Ontario : |bCanadian Intergovernmental Conference Secretariat = Secrétariat des conférences intergouvernementales canadiennes, |c[2022]-
310 |aTriennial
336 |atext|btxt|2rdacontent
337 |acomputer|bc|2rdamedia
338 |aonline resource|bcr|2rdacarrier
3621 |aBegan with: 2023/2025.
500 |aIssued also in French under title: Plan sur l'accessibilité.
588 |aDescription based on: 2023/2025.
588 |aLatest issue consulted: 2023/2025.
61020|aCanadian Intergovernmental Conference Secretariat|vPeriodicals.
650 0|aBarrier-free design|zCanada|xPlanning|vPeriodicals.
650 0|aPeople with disabilities|xGovernment policy|zCanada|vPeriodicals.
655 7|aPeriodicals|2lcgft
77508|tPlan sur l'accessibilité / |w(CaOODSP)9.918742